La Habana, espacio y vida

Saved in:
Bibliografiske detaljer
Hovedforfatter: Le Riverend Brusone, Julio (Author)
Format: Bog
Sprog:spansk
Udgivet: Madrid MAPFRE 1992
Fag:
Tags: Tilføj Tag
Ingen Tags, Vær først til at tagge denne postø!

MARC

LEADER 00000nam a2200000 a 4500
001 UCX7047
003 CL-VaPUC
008 930914e19920000SP |||||||||||||||||spa|d
082 0 4 |a 972.9123  |b LER  |2 21 
100 0 |a Le Riverend Brusone, Julio  |e author  |9 323793 
245 1 3 |a La Habana, espacio y vida 
300 |a 336 p 
942 |c BK 
945 |d 19930914 00:00:00 
260 |a Madrid  |b MAPFRE  |c 1992 
650 0 |a Historia  |9 255047 
651 7 |a LA HABANA, CUBA  |2 CL-VaPUC  |9 323794 
583 |a last modification  |c 19930914 00:00:00  |k Rodrigo Vera 
999 |c 226967  |d 226965 
952 |0 0  |1 0  |4 0  |6 972_912300000000000_LER_1992  |7 0  |8 A  |9 225680  |a BIBHIS  |b BIBHIS  |d 2019-11-15  |i 2943190  |o 972.9123 LER 1992  |p 2943190  |r 2025-01-20  |w 2019-11-15  |y BK  |k HIS